[Event "POR-chT 1st Divison 2018"]
[Site "Maia"]
[Date "2018.07.16"]
[Round "1"]
[White "Iturrizaga Bonelli, Eduardo"]
[Black "Ferreira, Jorge Antonio"]
[Result "1/2-1/2"]
[WhiteElo "2652"]
[BlackElo "2522"]
[Annotator "TA"]
[PlyCount "35"]
[EventDate "2018.07.16"]
[EventType "team-tourn"]
[EventCountry "POR"]
[SourceTitle "playchess.com"]
[Source "ChessBase"]
[SourceQuality "1"]

{[%evp 17,35,0,1,-4,2,-14,-9,-97,-50,-45,-27,-71,-33,-90,-14,-56,0,-94,0,-67]} 1. c4 e6 2. g3 d5 3. Bg2 Nf6 4. Nf3 dxc4 5. Na3 Bxa3 6. bxa3 O-O 7. Bb2 {A13: Reti-Eröffnung} Nc6 (7... Nbd7 8. Qc2 c5 9. Ne5 Nxe5 10. Bxe5 Nd5 11. Qxc4 b6 12. O-O Qe7 13. Rab1 Bb7 14. a4 Nb4 15. Bxb7 Qxb7 {½-½ (28) Lalith,B (2529)-Nguyen,N (2632) Chengdu 2017}) 8. Rc1 {[%cal Ba1c1,Bc1c4,Bc4h4][%mdl 32]} Re8 9. Rxc4 e5 $1 {LiveBook: 5 Partien} 10. Qa1 {[%cal Rf3e5]} Be6 11. Rh4 Bd5 12. d3 $146 (12. O-O $11 {bleibt in der Remisbreite.}) ({Vorgänger:} 12. O-O) 12... Nd7 13. O-O f6 {Droht ...g5 und aus.} 14. Rc1 Qe7 15. Bh3 (15. a4 $15) 15... Be6 (15... g5 $17 16. Rhc4 Bxc4 17. Rxc4 Nb6) 16. Bg2 Bd5 17. Bh3 Be6 18. Bg2 {Precision: Weiß = 20%, Schwarz = 33%.} 1/2-1/2

[Event "POR-chT 1st Divison 2018"]
[Site "Maia"]
[Date "2018.07.16"]
[Round "1"]
[White "Vavulin, Maksim"]
[Black "Cuenca Jimenez, Jose Fernando"]
[Result "1-0"]
[WhiteElo "2552"]
[BlackElo "2513"]
[Annotator "TA"]
[PlyCount "139"]
[EventDate "2018.07.16"]
[EventType "team-tourn"]
[EventCountry "POR"]
[SourceTitle "playchess.com"]
[Source "ChessBase"]
[SourceQuality "1"]

{[%evp 20,139,0,0,17,-50,-41,-86,-78,-79,-83,-85,-81,-80,36,29,45,29,29,27,30,3,6,5,6,8,14,14,35,10,13,18,15,5,5,4,4,4,16,14,20,22,41,40,58,58,102,11,32,2,7,7,7,9,8,0,1,8,88,85,206,135,703,748,848,829,1102,1017,985,938,745,495,468,391,724,772,630,712,1255,965,2287,2247,1675,1567,1434,1266,798,673,12833,12833,12834,12834,12835,12835,12837,12838,12838,12839,12840,12837,12841,12840,12841,0,12841,12836,12837,12838,12838,12839,12839,12839,12842,12842,12845,12845,12846,12847,12847,12847,12848,12847]} 1. e4 e5 2. Nf3 Nc6 3. d4 exd4 4. Nxd4 Bc5 5. Nb3 Bb6 6. Nc3 Nf6 7. Bg5 h6 8. Bh4 d6 {C45: Scotch Game} 9. Qe2 (9. f3 g5 10. Bg3 Qe7 11. Qd2 Bd7 12. h4 Rg8 13. O-O-O O-O-O 14. hxg5 hxg5 15. Rh6 Be6 16. Bb5 Bxb3 17. axb3 {1-0 (41) Navara,D (2726)-Malakhov,V (2691) Antalya 2017}) 9... Be6 10. Nd5 g5 11. Bg3 {LiveBook: 5 Games} O-O 12. Nc3 $146 (12. O-O-O $1 $11) ({Predecessor:} 12. O-O-O Bxd5 13. exd5 Re8 14. Qf3 Ne5 15. Qf5 Kg7 16. Bb5 {1-0 (82) Sethuraman,S (2535)-Mulyar,M (2386) Philadelphia 2012}) 12... a5 $1 $15 {[%cal Ra5a4] White must now prevent ...a4.} 13. Na4 Bxb3 14. axb3 {[#]} Nxe4 $1 {[%mdl 512]} 15. O-O-O (15. Qxe4 Re8) 15... Re8 (15... Nxg3 $6 16. hxg3 Kg7 17. Nxb6 $11) 16. Qf3 Qf6 (16... Bd4 $17) 17. Nxb6 $14 cxb6 18. Qxf6 Nxf6 19. f3 d5 20. Bc7 a4 21. bxa4 Rxa4 22. Bxb6 Ra1+ 23. Kd2 Ra2 24. Rb1 Nd7 25. Bf2 Nde5 26. Be2 Nc4+ 27. Bxc4 $1 dxc4 28. h4 Ra5 29. Rbe1 Rd5+ 30. Kc3 Red8 31. Bb6 R8d6 32. Re4 Rd2 33. Rh2 (33. Rxc4 $6 Rxg2 34. hxg5 Rdd2 $11) (33. hxg5 $16 hxg5 34. Re8+ (34. Rxc4 Rxg2 35. Rg4 Rxg4 $11) 34... Kg7 35. g4) 33... Nb4 34. Be3 Na2+ 35. Kxc4 Rc6+ 36. Kb3 Nc1+ 37. Ka3 Rdxc2 38. hxg5 Ra6+ (38... hxg5 $11 {keeps the balance.} 39. Bxg5 Nd3) 39. Ra4 $16 {Threatens to win with Rxa6.} Rxa4+ 40. Kxa4 hxg5 $2 {[%mdl 8192]} (40... b5+ $16 41. Ka5 (41. Kxb5 hxg5 42. Bxg5 Rxb2+ 43. Ka4 Ra2+ 44. Kb4 Nd3+ 45. Kb3 Ra6 $16) 41... Nb3+ 42. Kb4 (42. Kxb5 Re2 $16) 42... Rxb2) 41. Bxg5 $18 {White wants to mate with Bf6.} Kg7 42. Bxc1 Rxc1 {[%mdl 4096] Endgame KR-KR} 43. Rh4 Kf6 44. Rg4 Ke6 45. Ka5 Rc6 46. Rg5 Kd7 $2 (46... Kf6 47. Rb5 Ra6+ 48. Kb4 Rc6) 47. b4 Ra6+ 48. Kb5 Rc6 49. Rf5 f6 50. Rd5+ Ke6 51. Rc5 Rd6 52. Rc7 Rd2 53. Rg7 f5 54. Kb6 Kf6 55. Rg8 f4 56. b5 {[%cal Bb4b5,Bb5b6][%mdl 32]} Rd7 57. Ka7 Ke5 58. b6 Kd4 59. Re8 Rf7 60. Rc8 Rg7 61. Re8 Rf7 $1 62. Re1 {White is clearly winning.} Kd3 63. Rc1 Rg7 64. Rc7 Rxg2 65. Kxb7 Rf2 66. Kc8 Rb2 67. b7 Ke2 68. Rc3 Kd2 69. Ra3 Rc2+ 70. Kb8 {Precision: White = 69%, Black = 39%.} 1-0

[Event "POR-chT 1st Divison 2018"]
[Site "Maia"]
[Date "2018.07.16"]
[Round "1"]
[White "Gargatagli, Hipolito Asis"]
[Black "Spraggett, Kevin Barry"]
[Result "1-0"]
[WhiteElo "2538"]
[BlackElo "2530"]
[Annotator "TA"]
[PlyCount "53"]
[EventDate "2018.07.16"]
[EventType "team-tourn"]
[EventCountry "POR"]
[SourceTitle "playchess.com"]
[Source "ChessBase"]
[SourceQuality "1"]

{[%evp 16,53,30,36,69,28,50,30,33,18,43,23,48,56,64,50,67,47,77,87,90,60,73,79,108,52,53,65,88,56,69,64,219,214,210,220,231,221,248,246]} 1. e4 c5 2. Nf3 e6 3. d4 cxd4 4. Nxd4 a6 5. Nc3 Qc7 6. Qf3 {B43: Sizilianisch (Paulsen-Variante)} (6. Bd3 Nf6 7. f4 Bb4 8. Bd2 Bxc3 9. Bxc3 Qxf4 10. Qe2 Nc6 11. Rf1 Qh4+ 12. g3 Qg4 13. Nxc6 dxc6 14. Rxf6 Qxe2+ 15. Kxe2 gxf6 16. Bxf6 {1-0 (32) Grischuk,A (2766)-Caruana,F (2816) Leuven 2018}) 6... Nc6 7. Nxc6 bxc6 8. Qg3 Qxg3 9. hxg3 {LiveBook: 40 Partien} d6 10. b3 $146 ({Vorgänger:} 10. f3 Ne7 11. Be3 c5 12. O-O-O Nc6 13. Bc4 Be7 {1-0 (28) Merario Alarcon,A (2262)-Pazos Porta,A (2338) Linares 2016}) 10... Bb7 11. Bb2 Nf6 12. f3 h6 13. O-O-O Nd7 14. Na4 $36 {[%mdl 2048] Weiss kämpft um Vorteil.} Rg8 15. Kb1 Be7 16. Be2 c5 17. Bc3 O-O-O 18. Ba5 Rde8 19. Rd2 Ne5 20. c3 (20. Rhd1 $16) 20... Kb8 21. Rhd1 f5 22. Rxd6 (22. exf5 {looks sharper.} exf5 23. b4 Nc6 24. Bb6 cxb4 25. cxb4 Nxb4 26. Bc4) 22... Bxd6 23. Rxd6 fxe4 $2 ({Lieber} 23... c4 $1 $14) 24. Nxc5 $18 {Weiß steht deutlich besser.} exf3 25. gxf3 {[#] Tb6 ist eine echte Drohung.} Nc6 26. Bb6 {[%mdl 1024] Weiss hat starke Kompensation.} Re7 27. Nxa6+ {Precision: Weiß = 48%, Schwarz = 21%.} 1-0

[Event "POR-chT 1st Divison 2018"]
[Site "Maia"]
[Date "2018.07.16"]
[Round "1"]
[White "Kantans, Toms"]
[Black "Alshameary Puente, Ismael"]
[Result "1-0"]
[WhiteElo "2529"]
[BlackElo "2352"]
[Annotator "TA"]
[PlyCount "97"]
[EventDate "2018.07.16"]
[EventType "team-tourn"]
[EventCountry "POR"]
[SourceTitle "playchess.com"]
[Source "ChessBase"]
[SourceQuality "1"]

{[%evp 22,97,39,43,52,66,57,56,50,50,49,44,54,50,109,72,102,96,112,97,134,85,89,52,54,41,51,45,78,106,89,38,52,50,128,121,114,121,132,79,80,78,86,86,116,111,106,110,580,560,667,668,532,386,853,835,766,769,1655,1252,1750,431,431,431,429,426,558,423,423,389,401,335,1177,1150,29988,29989,29989,29990]} 1. e4 c5 2. Nf3 d6 3. d4 cxd4 4. Nxd4 Nf6 5. Nc3 a6 6. h3 e5 7. Nde2 h5 {B90: Sicilian Najdorf: Unusual White 6th moves, 6 Be3 Ng4 and 6 Be3 e5} (7... b5 8. Ng3 Qc7 9. Bd3 g6 10. O-O Bg7 11. Bd2 O-O 12. a4 b4 13. Na2 a5 14. c3 bxc3 15. Nxc3 Be6 {½-½ (40) Svidler,P (2760)-Khismatullin,D (2632) Sochi 2018}) 8. g3 Be6 9. Bg2 Nbd7 10. a4 Rc8 11. O-O Be7 12. Be3 {LiveBook: 16 Games} Nb6 13. b3 d5 14. Bxb6 Qxb6 15. Nxd5 Nxd5 16. exd5 Bf5 $146 17. c4 Bd6 (17... Bb4 $14) 18. Nc3 Bb4 19. Qf3 Qg6 20. Rfe1 f6 21. a5 Bd7 22. Red1 f5 23. d6 e4 24. Qe3 O-O 25. Nd5 Bxd6 26. Nf4 (26. Nb6 $16 Bc6 27. Nxc8 Rxc8 28. b4) 26... Qh6 27. Nxh5 $1 {[#] aiming for Qxh6.} f4 (27... Qxe3 $14 28. fxe3 Be5) 28. Nxf4 $16 Bxf4 29. gxf4 Bc6 30. Rd4 ({Not} 30. Bxe4 Rce8 $17) (30. b4 $142) 30... Rxf4 31. Rad1 Rcf8 32. Rd8 Qh4 {[%cal Rf4f2]} 33. Rxf8+ Rxf8 34. b4 {[%cal Bb3b4,Bb4b5][%mdl 32]} Qe7 $2 {[%mdl 8192] [#]} (34... Rf5 $16) 35. b5 $1 $18 {[%mdl 512]} axb5 36. cxb5 Bd7 37. Qxe4 Qf7 $2 (37... Qxe4 38. Bxe4 Bxb5 39. Bd5+ Kh7 40. Bxb7 Rf6) 38. Qe3 Kh8 39. a6 bxa6 40. bxa6 Bc8 41. Qb6 (41. a7 $142 Bb7 42. Bxb7 Qxb7 43. Rd4 Qb1+ 44. Kh2) 41... Bxa6 42. Qxa6 Qxf2+ 43. Kh1 Qg3 44. Rd5 Qe1+ 45. Kh2 {Rh5+ would kill now.} Qe8 46. Qb6 Rf6 $2 (46... Qf7 47. Kh1 Kh7) 47. Qc7 Rc6 48. Qxc6 Qxc6 49. Rd8+ {Precision: White = 55%, Black = 24%.} 1-0

[Event "POR-chT 1st Divison 2018"]
[Site "Maia"]
[Date "2018.07.16"]
[Round "1"]
[White "Korneev, Oleg"]
[Black "Martinez Duany, Lelys Stanley"]
[Result "1/2-1/2"]
[WhiteElo "2506"]
[BlackElo "2528"]
[Annotator "TA"]
[PlyCount "85"]
[EventDate "2018.07.16"]
[EventType "team-tourn"]
[EventCountry "POR"]
[SourceTitle "playchess.com"]
[Source "ChessBase"]
[SourceQuality "1"]

{[%evp 23,85,17,41,6,5,0,19,0,5,0,10,12,7,0,0,0,0,0,0,0,0,-11,0,0,0,-30,0,0,0,0,0,0,9,0,0,0,20,12,37,6,6,0,39,0,22,0,0,0,0,0,0,0,0,0,0,0,0,0,0,0,0,0,0,0]} 1. e4 c5 2. c3 Nf6 3. e5 Nd5 4. d4 cxd4 5. Nf3 e6 6. cxd4 d6 7. Bc4 Be7 8. O-O {B22: Sicilian: 2 c3} O-O 9. Bd2 (9. Qe2 Nc6 10. Rd1 Na5 11. Bxd5 exd5 12. Nc3 Be6 13. Bf4 a6 14. h3 Re8 15. exd6 Bxd6 16. Bxd6 Qxd6 17. Qe5 Nc4 18. Qxd6 Nxd6 {½-½ (32) Nisipeanu,L (2672)-Grischuk,A (2785) Heraklio 2017}) 9... Nc6 10. Nc3 Nb6 11. Bb3 dxe5 12. dxe5 Nd4 {LiveBook: 9 Games} 13. Nxd4 Qxd4 14. Qe2 Bd7 15. Rad1 Bc6 {[#]} 16. Bg5 $1 {[%mdl 512]} Qb4 (16... Bxg5 17. Rxd4) 17. Bxe7 Qxe7 {[#]} 18. Bc2 $146 Rfd8 19. Be4 Qc5 20. Bxc6 bxc6 21. g3 h6 22. Kg2 Rab8 23. h4 Nc4 24. Ne4 Qb5 25. Nc3 Qb4 26. b3 Qxc3 27. bxc4 c5 28. Rxd8+ Rxd8 $11 {[%mdl 4096] Endgame KQR-KQR} 29. Rb1 Qd4 30. Rb7 Rd7 31. Rb8+ Rd8 32. Rb7 Rd7 33. Rb8+ (33. Rb5 {with more complications.} Rd8 34. Ra5 Rd7 35. h5 Rc7 36. Rb5) 33... Rd8 {The position is equal.} 34. Rxd8+ (34. Rb5 {is interesting.} a6 35. Ra5 Rb8 36. Rxa6 Rb2 37. Qf3) 34... Qxd8 {KQ-KQ} 35. Qe3 Qc7 36. h5 Qb7+ 37. Qf3 Qa6 38. Qb3 Qc6+ 39. Qf3 Qa6 40. Qa8+ Kh7 41. Qe4+ Kg8 42. Qa8+ Kh7 43. Qe4+ {Precision: White = 62%, Black = 72%.} 1/2-1/2

[Event "POR-chT 1st Divison 2018"]
[Site "Maia"]
[Date "2018.07.16"]
[Round "1"]
[White "Nagy, Gabor"]
[Black "Ftacnik, Lubomir"]
[Result "1/2-1/2"]
[WhiteElo "2474"]
[BlackElo "2514"]
[Annotator "TA"]
[PlyCount "69"]
[EventDate "2018.07.16"]
[EventType "team-tourn"]
[EventCountry "POR"]
[SourceTitle "playchess.com"]
[Source "ChessBase"]
[SourceQuality "1"]

{[%evp 16,69,3,0,47,43,32,29,45,40,54,29,34,29,39,26,35,18,32,16,21,28,28,20,25,18,27,27,7,0,0,0,0,0,0,0,0,0,0,0,0,-27,0,-20,-18,-18,0,0,10,11,0,0,62,53,47,0]} 1. Nf3 Nf6 2. c4 e6 3. Nc3 d5 4. d4 c6 5. g3 Nbd7 6. Bg2 dxc4 7. O-O Be7 8. a4 {[%cal Ba2a4,Ba4a5][%mdl 32]} O-O 9. a5 {LiveBook: 32 Games. E01: Catalan: Early deviations} Bb4 (9... Nd5 10. Bd2 b5 11. axb6 Qxb6 12. Na4 Qd8 13. Qc2 Ba6 14. Rfd1 Bb5 15. e4 Nb4 16. Bxb4 Bxb4 17. d5 cxd5 18. Nd4 Bxa4 19. Rxa4 Bc5 20. exd5 Bxd4 21. Rxd4 {½-½ (21) Nakamura,H (2780)-Ding,L (2774) Palma de Mallorca 2017}) 10. Qa4 Qe7 11. Na2 Bd6 12. Qxc4 e5 $146 ({Predecessor:} 12... a6 13. Qc2 e5 14. Nc3 Re8 15. e4 exd4 16. Nxd4 g6 {1-0 (51) Gleizerov,E (2506)-Richterova,N (2191) Ceske Budejovice 2016}) 13. Nc3 exd4 14. Nxd4 Ne5 15. Qa4 Bd7 16. Qc2 Bc5 17. Nf5 Qe6 18. e4 Qc4 $1 19. Bg5 Bxf5 20. exf5 Rad8 21. Bxf6 gxf6 22. Ra4 {[%cal Ba1a4,Ba4f4,Bf4f5][%mdl 32]} Qd3 23. Qc1 Qxf5 24. Rf4 Qg6 25. Be4 Qg7 26. Rf5 Bd4 27. Ne2 Rfe8 28. Nf4 {[#] aiming for Nh5.} Ng4 29. Qb1 (29. Nh5 $5 {[%cal Rh5g7]} Qg6 30. Qf4 $11) 29... Re5 ({Reject} 29... Qh6 $6 30. Rh5 $16) 30. Kg2 {[%cal Bg1g2,Bg2f3,Bf3e3][%mdl 32]} Bxf2 31. Rxf2 {Black must now prevent Nh5.} ({Much weaker is} 31. Nh5 Qh6 $17) 31... Rd1 32. Qxd1 Ne3+ 33. Kf3 $1 {[%cal Rf3e3]} Qg4+ (33... Nxd1 $11 34. Rd2 Qf8 35. Rxd1 Qb4 36. Rxe5 fxe5 37. Rd8+ Kg7 38. Nh5+ Kh6) 34. Kxe3 $14 Qxd1 35. Rxe5 {Precision: White = 69%, Black = 48%.} (35. Nd3 $5 {[%cal Rd3e5]} Re7 36. Rf1 $11) 1/2-1/2

[Event "POR-chT 1st Divison 2018"]
[Site "Maia"]
[Date "2018.07.16"]
[Round "1"]
[White "Oratovsky, Michael"]
[Black "Santos Latasa, Jaime"]
[Result "1/2-1/2"]
[WhiteElo "2474"]
[BlackElo "2576"]
[Annotator "TA"]
[PlyCount "47"]
[EventDate "2018.07.16"]
[EventType "team-tourn"]
[EventCountry "POR"]
[SourceTitle "playchess.com"]
[Source "ChessBase"]
[SourceQuality "1"]

{[%evp 37,47,22,25,3,33,29,36,38,61,50,46,52]} 1. e4 c5 2. Nf3 e6 3. d4 cxd4 4. Nxd4 Nc6 5. Nc3 Qc7 6. g3 a6 7. Bg2 d6 8. O-O Bd7 9. Nxc6 Bxc6 10. Re1 Be7 11. a4 Nf6 12. a5 O-O 13. Be3 Nd7 14. Na4 Rae8 15. Nb6 f5 16. Nxd7 Qxd7 17. Qd3 fxe4 {B80: Sizilianisch (Scheveninger System)} 18. Bxe4 Bxe4 19. Qxe4 Bf6 {LiveBook: 10 Partien. Die Stellung ist ausgeglichen.} (19... d5 20. Qd3 Bf6 21. c3 Qc6 22. Re2 Rc8 23. Bd4 Bxd4 24. Qxd4 Rf6 25. Rae1 {½-½ (71) Guseinov,G (2646)-Potkin,V (2574) Riadh 2017}) 20. Bd4 d5 21. Qd3 e5 $146 ({Vorgänger:} 21... Rc8 22. Bxf6 Rxf6 23. Re2 Rc5 24. b4 Rc4 25. c3 {½-½ (59) Wedberg,T (2420)-Velikov,P (2445) Copenhagen 1981}) 22. Bc5 {Weiß steht etwas besser.} Be7 23. Bb6 Bd8 24. Bxd8 1/2-1/2

[Event "POR-chT 1st Divison 2018"]
[Site "Maia"]
[Date "2018.07.16"]
[Round "1"]
[White "Iruzubieta Villaluenga, Jesus Maria"]
[Black "Guerreiro, Nuno"]
[Result "1-0"]
[WhiteElo "2439"]
[BlackElo "2050"]
[Annotator "TA"]
[PlyCount "173"]
[EventDate "2018.07.16"]
[EventType "team-tourn"]
[EventCountry "POR"]
[SourceTitle "playchess.com"]
[Source "ChessBase"]
[SourceQuality "1"]

{[%evp 21,173,0,0,-37,-11,-18,-30,-26,30,9,17,0,8,-10,0,1,20,29,25,21,29,0,14,-22,48,24,55,-3,52,52,70,65,54,63,64,9,52,22,12,-74,-81,-50,-20,-20,-20,-16,-16,-35,-33,-33,-24,-23,-37,-31,-29,-43,-7,-10,60,62,85,80,61,7,139,141,189,187,183,197,195,184,195,201,181,196,193,170,165,161,178,171,171,171,171,155,355,308,384,382,358,346,602,604,598,523,481,477,417,370,629,544,820,590,12840,12845,12765,12566,8992,4427,10041,5925,29978,29979,29978,29966,29966,2781,29961,29964,29964,29964,29964,29964,29964,29965,29964,29965,29965,29964,29965,29964,29960,29958,29960,29957,29955,29948,29943,29942,29940,29940,29937,29947,4410,3196,6539,12688,5187,4886,12688,5953,29970,29973]} 1. e4 c5 2. Nf3 g6 3. d4 cxd4 4. Nxd4 Nf6 5. Nc3 Nc6 6. Nb3 Bg7 7. Be2 O-O 8. O-O d6 9. Re1 Bd7 10. Bf1 Rc8 11. Bg5 h6 {LiveBook: 3 Partien. B70: Sizilianisch (Drachen-Variante)} (11... Be6 12. Nd5 Bxd5 13. exd5 Nb4 14. c4 b5 15. a3 bxc4 16. axb4 cxb3 17. Qxb3 Rc7 18. Bb5 Qb8 19. Bc6 {1-0 (62) Nepomniachtchi,I (2729)-Adly,A (2637) Riadh 2017}) 12. Be3 Ng4 13. Bf4 $146 ({Vorgänger:} 13. Bd2 Qb6 14. Qf3 Nd4 15. Nxd4 Bxd4 16. Nd5 Qd8 17. Ne3 Bxe3 18. fxe3 Rxc2 19. Bc3 {0-1 (43) Sokolovsky,Y (1731)-Kuleba,I (1426) Batumi 2016}) 13... f5 {Die Stellung ist ausgeglichen.} 14. exf5 Bxf5 (14... Nxf2 $142 $1 15. Qd5+ (15. Kxf2 Rxf5 16. Kg3 g5 $17) 15... Kh8) 15. Bg3 Kh7 16. Bd3 Qd7 17. Rb1 Rf7 18. Nd5 Rcf8 {[#] Und weiter mit ...Sxf2! wäre nett.} 19. f3 {zielt auf Lxf5 ab.} Nge5 20. Bxf5 Qxf5 21. c3 h5 22. Qe2 {[#]} Bh6 (22... h4 $1 $11 {[%mdl 512]} 23. Bxh4 Qh5) 23. Rbd1 g5 24. h3 ({Lieber} 24. Nd4 $14 Nxd4 25. cxd4) 24... Qg6 (24... g4 $11 25. fxg4 hxg4) 25. Nd4 $14 ({Bitte nicht} 25. Bxe5 Nxe5 26. Qe4 g4 $11) 25... Rg8 26. Qe4 Qxe4 27. Rxe4 Rg6 28. Bf2 (28. Nxc6 $14 Nxc6 29. Rde1) 28... Bf8 29. Ne2 e6 30. Ne3 (30. Nb4 $11) 30... d5 $17 31. Ra4 b5 $36 {[%mdl 2048] Schwarz hat Druck.} 32. Ra6 Nb8 33. Ra5 a6 {Droht stark ...Sec6.} 34. Nd4 Bc5 35. b4 Bxd4 36. cxd4 Nec6 37. Ra3 Nxb4 38. Rc1 N8c6 39. Nc2 g4 ({Besser ist} 39... Nxc2 $11 40. Rxc2 e5) 40. fxg4 hxg4 41. Nxb4 Nxb4 42. Rb3 (42. hxg4 $14 a5 43. Bg3 (43. Rxa5 Nd3 $15)) 42... Rgf6 ({Viel schlechter ist} 42... Nxa2 43. Ra1 $16) (42... a5 $1 $11) 43. Bh4 $16 Nxa2 44. Ra1 Rf4 45. Rxa2 Rxd4 46. Rxa6 gxh3 47. Rxh3 Re4 48. Rb6 Kg6 49. Bf2 b4 50. Rg3+ Kf6 51. Bc5 Rc7 52. Bxb4 Rc1+ 53. Kh2 d4 $2 (53... Rh4+ $16 54. Rh3 Rcc4) 54. Bd6 Rh4+ 55. Rh3 Rxh3+ 56. Kxh3 $18 {[%mdl 4096] Endspiel KTL-KT} d3 $2 (56... Rc2 57. g4 Rc3+ 58. Kh4 Rd3 59. g5+ Kg6) 57. Bf4 Rf1 58. Kg3 Kf5 59. Rb5+ Kf6 60. Be3 Ke7 $2 (60... e5 61. Rb8 Ke6) 61. Rb3 Rd1 62. Kf3 Kd6 63. Ke4 Ke7 64. Rxd3 Rf1 65. Bf4 Kf6 66. Be5+ Kg5 67. Rg3+ Kh4 68. Re3 Rg1 69. g3+ (69. Rh3+ $142 Kg4 70. Rg3+ Kh5 71. Bc3 Rb1 72. Rg8 Kh6 73. Ke5 Kh7 74. Rg3) 69... Kg4 70. Bf4 Rd1 71. Ke5 Rd8 72. Kf6 Rf8+ 73. Ke7 Rg8 74. Rxe6 Rg7+ 75. Kf6 Ra7 76. Kg6 Ra5 77. Rb6 Ra8 78. Bb8 Ra4 79. Bd6 Re4 80. Bf4 Ra4 81. Kh6 Ra8 82. Rg6+ Kf5 83. Rg5+ Kf6 84. Be5+ Ke6 85. g4 Ra2 86. Bg7 Rh2+ 87. Kg6 {Precision: Weiß = 55%, Schwarz = 32%.} 1-0

[Event "POR-chT 1st Divison 2018"]
[Site "Maia"]
[Date "2018.07.16"]
[Round "1"]
[White "Prithu, Gupta"]
[Black "Sousa, Andre Ventura"]
[Result "1-0"]
[WhiteElo "2436"]
[BlackElo "2373"]
[Annotator "TA"]
[PlyCount "59"]
[EventDate "2018.07.16"]
[EventType "team-tourn"]
[EventCountry "POR"]
[SourceTitle "playchess.com"]
[Source "ChessBase"]
[SourceQuality "1"]

{[%evp 19,59,-4,-14,-20,-24,-17,-22,-43,-41,-41,-14,-35,-35,-58,0,0,0,0,0,9,0,7,14,12,4,0,0,7,14,7,41,12,31,9,9,7,27,9,39,36,29973,29971]} 1. Nf3 d5 2. c4 e6 3. b3 Nf6 4. Bb2 Bd6 5. e3 b6 6. Nc3 Bb7 7. d4 Nbd7 8. Bd3 O-O 9. O-O a6 10. cxd5 exd5 {[%cal Be6d5,Bd5e4][%mdl 32] LiveBook: 128 Games} 11. Qe2 {E14: Queen's Indian: Classical Variation (4 e3)} (11. Rc1 Ne4 12. Rc2 Qe7 13. Qc1 Ndf6 14. Ne2 c5 15. Ng3 Nxg3 16. hxg3 Ne4 17. dxc5 bxc5 18. Bxe4 dxe4 {1-0 (33) Karjakin,S (2785)-Fressinet,L (2672) Doha 2016}) 11... Qe7 12. Rac1 Ne4 13. Bxe4 $146 {The position is equal.} ({Predecessor:} 13. Ne1 Rfe8 14. Nd1 c5 15. Nf3 h6 16. dxc5 bxc5 17. Re1 Ndf6 18. h3 Qd7 {0-1 (36) Vovk,O (2213)-Nakhbayeva,G (2227) London 2011}) 13... dxe4 14. Nd2 $1 c5 (14... b5 {is more complex.} 15. a4 Nf6 16. axb5 axb5 17. Ra1 c6) 15. Nc4 cxd4 16. exd4 Nf6 (16... f5 $1 $15) 17. Na4 $11 Nd5 18. Naxb6 Nxb6 19. Nxb6 Bxh2+ 20. Kxh2 Qd6+ 21. Kg1 Qxb6 22. Rc5 Qg6 23. Rfc1 Rad8 24. Rc7 $36 {[%mdl 2048] White is more active.} Bc8 {[%cal Bb7c8,Bc8g4,Bg4e2][%mdl 32]} (24... Bd5 {seems wilder.} 25. Ba3 Rfe8 26. Be7 Rb8 27. R1c5 Qe6) 25. R7c6 Bg4 $1 {[%cal Rg4e2]} 26. Rxg6 Bxe2 27. Rb6 h6 28. Rc5 Rfe8 29. d5 f5 $2 {[%mdl 8192] [#]} (29... Bd3 $14) 30. Rc7 {Precision: White = 46%, Black = 31%.} 1-0